| 000 | 00677nam a22001817a 4500 | ||
|---|---|---|---|
| 999 |
_c15031 _d15031 |
||
| 003 | AR-CdUCM | ||
| 008 | 190425b ||||| |||| 00| 0 spa d | ||
| 040 |
_aMUNICIPALIDAD PROVINCIAL DEL CUSCO _cBIBLIOTECA MUNICIPAL DEL CUSCO |
||
| 082 |
_aC / 340.4 / _bT18 |
||
| 100 |
_aTamayo Herrera, Jose Armando _92300 |
||
| 245 | _aProceso y procedimiento en la reforma agraria / | ||
| 260 |
_aCuzco : _bUnsaac, _c1963. |
||
| 300 |
_a186 hojas ; _c28 cm. |
||
| 505 | _aLo juridico procesal en la reforma agraria -- Derechos y acciones agrarias -- el problema del órgano ejecutor -- de la reforma agraria... | ||
| 650 |
_areforma agraria. _91861 |
||
| 942 |
_2ddc _cTESIS |
||
| 945 | _awfj | ||